000 00879nam a2200265Ia 4500
003 OSt
005 20221005061941.0
006 a|||||r|||| 00| 0
007 ta
008 221004b |||||||| |||| 00| 0 eng d
020 _a9780415445245 (pbk)
_c1508.75
024 _a117585
037 _b33853, 13/01/2012, Segment Book Distributors
_cTextual
040 _aCRL
_cCRL
_beng
041 _2eng
_aeng
082 _aO111:g(W94), Q0
100 _aSauer Elizabeth Ed.
_9582867
245 0 _aReading the nation in english literature
_b A critical reader
260 _aLondon
_bRoutledge UK
_c2010
300 _axi, 254p.
_ccm.
650 _aENGLISH LITERATURE
700 _a Wright Julia M. Ed.
942 _hO111:g(W94), Q0
_cTEXL
_2cc
999 _c969003
_d969003